Grupos/cantantes que empiezan por la K - Estadísticas

Estadísticas generales
  • Esta prueba ha sido intentada 18 veces
  • La puntuación promedio es 4 de 10
Estadísticas de respuestas
Hint Respuesta % Correcto
Roar Katy Perry
88%
TIK TOK Kesha
88%
I was made for loving you KISS
53%
Firestone Kygo
47%
I wonder Kanye West
29%
Mr.Brightside The Killers
18%
Since u been gone Kelly clarkson
12%
Swimming pools Kendrick Lamar
12%
Under the storm Kali Uchis
6%
Good bye Kid Laroi
0%
No se encontraron pruebas coincidentes
Distribución de puntuación
Porcentaje de gente con cada puntuación
Porcentaje por número respondido
Historial de tus puntuaciones
No has intentado esta prueba.